000 00679nam a22002057a 4500
005 20100805121024.0
010 _aENG-98276
020 _a9789380173177
_c85.00
035 _aEN-81809
037 _bDBAD/PUB
082 _a954.01
100 _aSathiabama, V.
_96648
245 _aThe mauryan empire /
_cby V. Sathiabama
260 _aKoradacherry
_bAruma Pathipagam
_c2009
270 _a35 Gandhi Colony
_bKoradacherry
_e613703
300 _av,120p.
_c20cm (pbk)
650 _zIndia
942 _2ddc
_cEN
_h954.01
_mSAT
999 _c39391
_d39391